South Eastern Kenya University

Library Online Public Access Catalogue


Evelina / (Record no. 11056)

MARC details
000 -LEADER
fixed length control field 01037cam a2200361 a 4500
001 - CONTROL NUMBER
control field 4990351
003 - CONTROL NUMBER IDENTIFIER
control field OSt
005 - DATE AND TIME OF LATEST TRANSACTION
control field 20160505104456.0
008 - FIXED-LENGTH DATA ELEMENTS--GENERAL INFORMATION
fixed length control field 981001s1998 enk b 000 1 eng
010 ## - LIBRARY OF CONGRESS CONTROL NUMBER
LC control number 98204872
020 ## - INTERNATIONAL STANDARD BOOK NUMBER
International Standard Book Number 9781427003911
040 ## - CATALOGING SOURCE
Original cataloging agency SEKU
050 00 - LIBRARY OF CONGRESS CALL NUMBER
Classification number PR 3316
Item number .B8
100 1# - MAIN ENTRY--PERSONAL NAME
Personal name Burney, Fanny,
Dates associated with a name 1752-1840.
240 10 - UNIFORM TITLE
Uniform title <a href="Evelina">Evelina</a>
245 10 - TITLE STATEMENT
Title Evelina
Statement of responsibility, etc. Fanny Burney
260 ## - PUBLICATION, DISTRIBUTION, ETC. (IMPRINT)
Place of publication, distribution, etc. [lexington]
Name of publisher, distributor, etc. readhowyouwant
Date of publication, distribution, etc. 2007
300 ## - PHYSICAL DESCRIPTION
Extent 531p
490 1# - SERIES STATEMENT
Series statement Oxford world's classics
500 ## - GENERAL NOTE
General note optimized reading formats
501 ## - WITH NOTE
With note easy read super large 20pt.
650 #0 - SUBJECT ADDED ENTRY--TOPICAL TERM
Topical term or geographic name as entry element Young women
Form subdivision Fiction.
650 #0 - SUBJECT ADDED ENTRY--TOPICAL TERM
Topical term or geographic name as entry element Socialites
Form subdivision Fiction.
650 #0 - SUBJECT ADDED ENTRY--TOPICAL TERM
Topical term or geographic name as entry element Debutantes
Form subdivision Fiction.
651 #0 - SUBJECT ADDED ENTRY--GEOGRAPHIC NAME
Geographic name London (England)
Form subdivision Fiction.
655 #7 - INDEX TERM--GENRE/FORM
Genre/form data or focus term Epistolary fiction.
Source of term gsafd
655 #7 - INDEX TERM--GENRE/FORM
Genre/form data or focus term Humorous fiction.
Source of term gsafd
655 #7 - INDEX TERM--GENRE/FORM
Genre/form data or focus term Bildungsromans.
Source of term gsafd
655 #7 - INDEX TERM--GENRE/FORM
Genre/form data or focus term Love stories.
Source of term gsafd
655 #7 - INDEX TERM--GENRE/FORM
Genre/form data or focus term Satire.
Source of term lcsh
942 ## - ADDED ENTRY ELEMENTS (KOHA)
Source of classification or shelving scheme Library of Congress Classification
Koha item type General circulation
Holdings
Withdrawn status Lost status Source of classification or shelving scheme Damaged status Not for loan Home library Current library Shelving location Date acquired Source of acquisition Serial Enumeration / chronology Total Checkouts Full call number Barcode Date last seen Price effective from Koha item type Public note
    Library of Congress Classification     Mtito Andei Centre Library Mtito Andei Centre Library General Stacks 17/02/2016 Donations - Books for Africa V. 2   PR3316 B8 2016/014199 17/02/2016 17/02/2016 General circulation 3kwa
Kitui, Kenya.
+254736116989
library@seku.ac.ke